00835nam a22002537a 450000500170000000800410001701000150005802000260007302000230009903500130012203700130013504000130014808200100016110000030017124501140017426000380028827000420032630000320036850000500040065000330045065000500048365000260053370000220055920101227105254.0101227t xxu||||| |||| 00| 0 eng d aENG-101866 a9780071074001c299.00 a0071074007c299.00 aEN-85399 bDBAD/PUB adplbEng a302.2  aKey themes in interpersonal communication :cby Anne Hill ... [et al.]bculture, identities and performance / aNew DelhibTata McGraw Hillc2010 a7 West Patel NagarbNew Delhie110008 a217 p. : c23cm (pbk)bill. aIncludes bibliographical references and index aInterpersonal communication. aInterpersonal communication xSocial aspects. aIdentity (Psychology) aHill, Anned1952-